|
|
|
|
| LEADER |
00000cam a2200000 a 4500 |
| 001 |
vtls009688049 |
| 003 |
SK-MaSNL |
| 005 |
20260302080709.0 |
| 008 |
251104s1999 xr a f 001 0 cze |
| 020 |
|
|
|a 8071697257 (brož.)
|
| 035 |
|
|
|a (SVKBBclas03)vtls000059382
|
| 040 |
|
|
|a SNK
|b slo
|c SNK
|e AACR2
|
| 041 |
0 |
|
|a cze
|
| 044 |
|
|
|a xr
|c CZ
|
| 072 |
|
7 |
|a 61
|x Lekárske vedy. Medicína
|2 konspekt
|
| 080 |
|
|
|a 61:796
|2 2001
|
| 080 |
|
|
|a (035)
|2 2001
|
| 100 |
1 |
|
|a Kučera, Miroslav,
|d 1932-2013
|4 aut
|9 215993
|
| 245 |
0 |
0 |
|a Sportovní medicína
|c Miroslav Kučera, Ivan Dylevský a kolektiv
|
| 250 |
|
|
|a 1. vyd.
|
| 260 |
|
|
|a Praha
|b Grada
|c 1999
|
| 300 |
|
|
|a 280 s.
|b grafy, tab.
|c 23 cm
|
| 500 |
|
|
|a Na obale logo Avicena
|
| 650 |
0 |
7 |
|a športová medicína
|2 SNKPH
|9 247169
|
| 655 |
|
7 |
|a príručky
|2 SNKPH
|9 74364
|
| 700 |
1 |
|
|a Dylevský, Ivan,
|d 1940-
|4 aut
|9 111337
|
| 919 |
|
|
|a 80-7169-725-7
|
| 999 |
|
|
|c 1174095
|d 1176025
|
| 952 |
|
|
|t snkKUC 61:796
|a SNKUST
|b SNKUST
|y PREZ
|7 0
|p 17A0201256
|o snkIC 140592
|i snk2013/5934
|8 5
|0 0
|1 0
|4 0
|d 2000-01-13
|l 0
|r 2025-03-19 00:00:00
|w 2026-02-24
|